Ensayos étnico-sociológicos / (Record no. 59103)

MARC details
000 -LEADER
campo de control de longitud fija 00774nam a2200205 i 4500
001 - NÚMERO DE CONTROL
campo de control 59103
003 - IDENTIFICADOR DE NÚMERO DE CONTROL
campo de control ES-MaACL
005 - FECHA Y HORA DE LA ÚLTIMA TRANSACCIÓN
campo de control 20250911063533.0
007 - CAMPO FIJO DE DESCRIPCIÓN FÍSICA--INFORMACIÓN GENERAL
campo de control de longitud fija t|
008 - DATOS DE LONGITUD FIJA--INFORMACIÓN GENERAL
campo de control de longitud fija 031027s1931 pr ||||1| spa d
100 1# - ENTRADA PRINCIPAL--NOMBRE DE PERSONA
Nombre de persona Enamorado Cuesta, José,
Fechas asociadas al nombre 1892-1976
9 (RLIN) 47167
245 10 - MENCIÓN DEL TÍTULO
Título Ensayos étnico-sociológicos /
Mención de responsabilidad, etc. J. Enamorado Cuesta.
260 ## - PUBLICACIÓN, DISTRIBUCIÓN, ETC.
Lugar de publicación, distribución, etc. Ponce (Puerto Rico) :
Nombre del editor, distribuidor, etc. El Dia,
Fecha de publicación, distribución, etc. 1931.
300 ## - DESCRIPCIÓN FÍSICA
Extensión 52 p. ;
Dimensiones 23 cm.
505 8# - NOTA DE CONTENIDO CON FORMATO
Nota de contenido con formato Contiene: 1ª parte: Ibero-americanismo versus panamericanismo. 2ª parte: Influencia de la industria azucarera en la vida antillana y sus consecuencias sociales
852 ## - LOCALIZACIÓN
Ubicación ES-MaACL
Número de control de estantería 1635-F-16
Nota libre .- Dedicatoria manuscrita del autor
852 ## - LOCALIZACIÓN
Ubicación ES-MaACL
Número de control de estantería 1762-F-19
852 ## - LOCALIZACIÓN
Ubicación ES-MaACL
Número de control de estantería 1821-F-18
Holdings
Estatus retirado Estado de pérdida Estado de daño No para préstamo Colección Biblioteca de origen Biblioteca actual Ubicación en estantería Fecha de adquisición Fuente de adquisición Total de préstamos Signatura topográfica completa Código de barras Visto por última vez Precio de reemplazo Tipo de ítem Koha
        Colección de folletos Biblioteca del Ateneo de Madrid Biblioteca del Ateneo de Madrid Depósito folletos 17/01/2008     1821-F-18 1061999 23/02/2023 23/02/2023 Folleto
        Colección de folletos Biblioteca del Ateneo de Madrid Biblioteca del Ateneo de Madrid Depósito folletos 17/01/2008     1635-F-16 1061997 23/02/2023 23/02/2023 Folleto
        Colección de folletos Biblioteca del Ateneo de Madrid Biblioteca del Ateneo de Madrid Depósito folletos 17/01/2008     1762-F-19 1061998 23/02/2023 23/02/2023 Folleto